000 00958nam a22003377a 4500
001 BR7311279
003 BR-BrBNA
005 20230928084237.0
007 ta
008 230509b bl.||||| |||| 00| 0 por d
040 _aBR-BrBNA
_bpor
_cBiblioteca Nacional de Agricultura
041 _a(Por)
072 _aE15; F00; E70
_b2110
_b/G514
090 _ 2110 BR7311279
110 1 _aSecretaria da Agricultura do Estado da Bahia, Salvador (Brasil)
_98201
245 1 _aCacau [Theobroma cacao, Bahia, Brasil]
260 3 _aSalvador, BA (Brasil):
_c1973.
300 _a88 p.
500 _a4 Maps, scale 1:150.000. (*) Documento disponível na(o) BEAGRI, Salvador, BA (Brazil)
650 _aCACAU
650 _aHISTORIA
650 _aCOMERCIALIZACAO
650 _aEXPORTACAO
650 _aINDUSTRIA
650 _aLAVOURA
650 _aPRODUCAO
650 _aCONSUMO
650 _aBAHIA
909 _a202309
_bLucia
_c55
_dLucia Elande
942 _cBK
999 _c17660
_d17660